She lyrics quiz(Tyler the creator, Frank ocean - Statistics

General Stats
  • This quiz has been taken 749 times
  • The average score is 18 of 21
Answer Stats
Hint Answer % Correct
On my waist there's a _____ glock black
97%
During sex, i _________ overheard
97%
New ____ moved on the block girl
95%
Last night i _____ over hers slept
93%
______ on the sheets probably spillin ' from my _____ blood
91%
She be ______' on my brown c*ck plottin
90%
Rolled of the _____ then shot back, poaw paow bed
89%
I pulled out the _____ na na
89%
Golden rubbers in these _____ pockets denim
88%
And you touch yourself after ________ hours
88%
A ______ sliced the air sword
88%
Naked body _______ out the _________ fresh
86%
If thats your ex, you should probably own a ______ pistol
86%
A real ______ with the blade and the_____ ninja
84%
See you in the darl when your ________ sleepin
84%
The _______ wide open so he can blinds
81%
Got them gold ninja stars and red supreme __________ nunchucks
79%
Now she tryna_______ me up, but patch
78%
Girl, i was just tryna get a ________ nutbust
77%
Looked out the ______, seen him sprintin' on the grass glass
72%
But i'm guessin' it's wiser to____ with dude exit
66%
No matching quizzes found
Score Distribution
Percent of People with Each Score
Percentile by Number Answered
Your Score History
You have not taken this quiz